EVERY Billboard Hot 100 #1 Hit of 2001 - Statistics

General Stats
  • This quiz has been taken 9 times
  • The average score is 27 of 52
Answer Stats
Issue Date #1 Hit Artist % Correct
March 31 Angel Shaggy ft. Rayvon
75%
July 7 U Remind Me Usher
75%
July 14 U Remind Me Usher
75%
July 21 U Remind Me Usher
75%
July 28 U Remind Me Usher
75%
November 3 Family Affair Mary J. Blige
63%
November 10 Family Affair Mary J. Blige
63%
November 17 Family Affair Mary J. Blige
63%
November 24 Family Affair Mary J. Blige
63%
December 1 Family Affair Mary J. Blige
63%
December 8 Family Affair Mary J. Blige
63%
December 22 How You Remind Me Nickelback
63%
December 29 How You Remind Me Nickelback
63%
February 3 It Wasn't Me Shaggy ft. Ricardo "RikRok" Ducent
63%
February 10 It Wasn't Me Shaggy ft. Ricardo "RikRok" Ducent
63%
June 2 Lady Marmalade Christina Aguilera, Lil' Kim, Mýa, & P!NK
63%
June 9 Lady Marmalade Christina Aguilera, Lil' Kim, Mýa, & P!NK
63%
June 16 Lady Marmalade Christina Aguilera, Lil' Kim, Mýa, & P!NK
63%
June 23 Lady Marmalade Christina Aguilera, Lil' Kim, Mýa, & P!NK
63%
June 30 Lady Marmalade Christina Aguilera, Lil' Kim, Mýa, & P!NK
63%
February 17 Ms. Jackson OutKast
63%
March 24 Butterfly Crazy Town
50%
April 7 Butterfly Crazy Town
50%
August 18 Fallin' Alicia Keys
50%
August 25 Fallin' Alicia Keys
50%
September 1 Fallin' Alicia Keys
50%
September 29 Fallin' Alicia Keys
50%
October 6 Fallin' Alicia Keys
50%
October 13 Fallin' Alicia Keys
50%
January 6 Independent Women Destiny's Child
50%
January 13 Independent Women Destiny's Child
50%
January 20 Independent Women Destiny's Child
50%
January 27 Independent Women Destiny's Child
50%
April 14 All for You Janet Jackson
38%
April 21 All for You Janet Jackson
38%
April 28 All for You Janet Jackson
38%
May 5 All for You Janet Jackson
38%
May 12 All for You Janet Jackson
38%
May 19 All for You Janet Jackson
38%
May 26 All for You Janet Jackson
38%
August 4 Bootylicious Destiny's Child
38%
August 11 Bootylicious Destiny's Child
38%
September 8 I'm Real (Murder Remix) Jennifer Lopez ft. Ja Rule
38%
September 15 I'm Real (Murder Remix) Jennifer Lopez ft. Ja Rule
38%
September 22 I'm Real (Murder Remix) Jennifer Lopez ft. Ja Rule
38%
October 20 I'm Real (Murder Remix) Jennifer Lopez ft. Ja Rule
38%
October 27 I'm Real (Murder Remix) Jennifer Lopez ft. Ja Rule
38%
February 24 Stutter Joe ft. Mystikal
38%
March 3 Stutter Joe ft. Mystikal
38%
March 10 Stutter Joe ft. Mystikal
38%
March 17 Stutter Joe ft. Mystikal
38%
December 15 U Got It Bad Usher
38%
No matching quizzes found
Score Distribution
Percent of People with Each Score
Percentile by Number Answered
Your Score History
You have not taken this quiz